[Event "ch-BEL"]
[Site "Geel BEL"]
[Date "2002.08.02"]
[Round "7"]
[White "Meessen,R"]
[Black "Marechal,A"]
[Result "0-1"]
[WhiteElo "2307"]
[BlackElo "2288"]

1.e4 e6 2.d4 d5 3.Nc3 Nf6 4.e5 Nfd7 5.Nf3 c5 6.Bg5 f6 7.exf6 Nxf6 8.Bb5+ Bd7
9.Qe2 Be7 10.Bxd7+ Qxd7 11.O-O-O Nc6 12.Rhe1 cxd4 13.Nxd4 Nxd4 14.Rxd4 Kf7
15.Qf3 Rhf8 16.Qh3 Rad8 17.f4 h6 18.f5 exf5 19.Bxf6 Bxf6 20.Rxd5 Qc8 21.Qxf5 Qxf5
22.Rxf5 Kg6 23.Rf3 Bg5+ 24.Kb1 Rxf3 25.gxf3 Rd2 26.Re2 Kh5 27.a4 Rxe2 28.Nxe2 Kh4
29.c4 Kh3 30.Kc2 Kxh2 31.Kd3 Kg2 32.Ke4 h5 33.Kf5 Bd2 34.f4 h4  0-1

[Event "FSGM August"]
[Site "Budapest HUN"]
[Date "2002.08.03"]
[Round "1"]
[White "Antal,Ge"]
[Black "Hoang Thanh Trang"]
[Result "0-1"]
[WhiteElo "2492"]
[BlackElo "2429"]

1.e4 e6 2.d4 d5 3.Nc3 Nf6 4.e5 Nfd7 5.f4 c5 6.Nf3 Nc6 7.Be3 cxd4 8.Nxd4 Bc5
9.g3 Qb6 10.Na4 Qa5+ 11.c3 Bxd4 12.Bxd4 Nxd4 13.Qxd4 b6 14.Qb4 Qxb4 15.cxb4 f6
16.Bb5 fxe5 17.fxe5 O-O 18.Bxd7 Bxd7 19.Nc3 Rf5 20.Kd2 Rxe5 21.Rae1 Rf5 22.Kd3 Raf8
23.Kd4 Kf7 24.Rhf1 Ke7 25.Rxf5 Rxf5 26.Re5 Kf6 27.Rxf5+ Kxf5 28.h3 Bc6 29.b5 e5+
30.Kd3 Bb7 31.Nd1 d4 32.Nf2 Bg2 33.Kc4 Bf1+ 34.Kd5 Bxb5 35.Ng4 d3 36.Ne3+ Kf6
37.Nf1 Bd7 38.h4 Be6+ 39.Ke4 Bxa2 40.Kxd3 Bb1+ 41.Ke3 Kf5 42.Nd2 Ba2 43.Ne4 Bd5
44.Nd6+ Kg4 45.Kf2 a5 46.Ne8 b5 47.h5 h6 48.Nxg7 Bf7 49.Ke3 b4 50.Ke4 a4
51.Nf5 Kxh5 52.Kxe5 a3 53.bxa3 bxa3 54.Nd4 Kg4 55.Nc2 a2 56.Kd4 Bb3 57.Na1 Bd1  0-1

[Event "Ladies"]
[Site "Stockholm SWE"]
[Date "2002.08.04"]
[Round "2"]
[White "Horn,E"]
[Black "Vovk,Ok"]
[Result "1/2-1/2"]
[WhiteElo "2012"]
[BlackElo "2077"]

1.e4 e6 2.d4 d5 3.Nc3 Nf6 4.e5 Nfd7 5.f4 c5 6.Nf3 Nc6 7.Be3 a6 8.Qd2 b5 9.dxc5 Bxc5
10.Bxc5 Nxc5 11.Qf2 Qb6 12.a3 b4 13.Nd1 Qa5 14.Nd2 O-O 15.Be2 f6 16.exf6 Rxf6
17.O-O e5 18.axb4 Qxb4 19.c3 Qb6 20.b4 Nd7 21.Qxb6  1/2-1/2

[Event "Open"]
[Site "Davos SUI"]
[Date "2002.08.05"]
[Round "2"]
[White "Hugentobler,P"]
[Black "Muelli,T"]
[Result "1/2-1/2"]
[WhiteElo "2257"]
[BlackElo "2051"]

1.e4 e6 2.d4 d5 3.Nc3 Nf6 4.e5 Nfd7 5.f4 c5 6.Nf3 Nc6 7.Be3 cxd4 8.Nxd4 Bc5
9.Qd2 Bxd4 10.Bxd4 Nxd4 11.Qxd4 Qb6 12.Nb5 Qxd4 13.Nxd4 a6 14.Bd3 Nb8 15.Kd2 Bd7
16.h4 Nc6 17.Nf3 h5 18.c3 Ke7 19.a4 Rhc8 20.b4 Kd8 21.Be2 g6 22.Rhc1 Ne7
23.Nd4 Nf5 24.Nxf5 exf5 25.Bf3 Be6 26.Rab1 Rc7 27.g3 Rac8 28.Be2 Ke7 29.Bd3 Bd7  1/2-1/2

[Event "FSGM August"]
[Site "Budapest HUN"]
[Date "2002.08.06"]
[Round "4"]
[White "Fogarasi,T"]
[Black "Radziewicz,I"]
[Result "1/2-1/2"]
[WhiteElo "2466"]
[BlackElo "2407"]

1.e4 e6 2.d4 d5 3.Nc3 Nf6 4.e5 Nfd7 5.f4 c5 6.Nf3 Nc6 7.Be3 a6 8.Qd2 cxd4
9.Nxd4 Bc5 10.g3 Nxd4 11.Bxd4 b5 12.Bg2 b4 13.Ne2 a5 14.Qe3 Qb6 15.Bxc5 Nxc5
16.Nd4 O-O 17.O-O Ba6 18.Rf2 Ne4 19.Bxe4 dxe4 20.Rd1 a4 21.Nf5 Qxe3 22.Nxe3 b3
23.axb3 axb3 24.c4 Rac8 25.Rd4 h5 26.Rfd2 Rc5 27.Rd1 Rfc8 28.Rc1 f5 29.exf6 gxf6
30.Rxe4 e5 31.fxe5 Rxe5 32.Rxe5 fxe5 33.Rc3 Kf7 34.Rxb3 Bxc4 35.Rc3 Be6 36.Rxc8 Bxc8
37.Kf2 Kg6 38.Ke2 h4 39.Kd3 hxg3 40.hxg3 Kf6 41.Kc4 Be6+ 42.Kc5 Bb3 43.Kd6 e4
44.g4 Bf7 45.b4 Be8 46.Kd5 Bg6 47.Kd4 Ke6 48.Nd5 Kd6 49.Nc3 Kc6 50.g5 Kb6
51.Ke5 Bh7 52.Kd4 Bg6 53.Nd5+ Kb5 54.Kc3 Bh7 55.Ne3 Bg6 56.Nc2 Bh7 57.Nd4+ Kb6
58.Kd2 Kc7 59.Ke3 Kd6 60.Kf4 Kd5 61.Ke3 Kc4 62.Nc2 Bg6 63.Kf4 Bh7 64.Ke3 Bg6
65.Ke2 e3 66.Nxe3+ Kxb4 67.Kf3 Kc5 68.Kf4 Kd6 69.Nf5+ Ke6 70.Nd4+ Kd7 71.Ke5 Bb1  1/2-1/2

[Event "Inline Czechia Cup"]
[Site "Olomouc CZE"]
[Date "2002.08.06"]
[Round "7"]
[White "Ganesh,DV"]
[Black "Dushenok,A"]
[Result "0-1"]
[WhiteElo "2063"]
[BlackElo "2200"]

1.e4 e6 2.d4 d5 3.Nc3 Nf6 4.e5 Nfd7 5.Nce2 c5 6.c3 Nc6 7.f4 Qb6 8.Nf3 Be7
9.a3 a6 10.f5 exf5 11.Nf4 cxd4 12.cxd4 O-O 13.b4 Qd8 14.Nxd5 Re8 15.Nf4 Nb6
16.Kf2 g5 17.Ne2 g4 18.Nfg1 Nxe5 19.Bb2 Ng6 20.g3 Bg5 21.Bc1 Nd5 22.h4 Be3+
23.Bxe3 Nxe3 24.Qd3 h5 25.Re1 Bd7 26.Rh2 Bb5 27.Qd2 Qf6 28.Nf4 Nxf1 29.Rxf1 Nxf4
30.Qxf4 Bxf1 31.Kxf1 Re4 32.Qg5+ Qxg5 33.hxg5 Rxd4 34.Ne2 Rd3 35.Rxh5 Rxa3  0-1

[Event "Open"]
[Site "Davos SUI"]
[Date "2002.08.07"]
[Round "4"]
[White "Hugentobler,P"]
[Black "Misiano,F"]
[Result "0-1"]
[WhiteElo "2257"]
[BlackElo "2218"]

1.e4 e6 2.d4 d5 3.Nc3 Nf6 4.e5 Nfd7 5.f4 c5 6.Nf3 Nc6 7.Be3 cxd4 8.Nxd4 Bc5
9.Qd2 O-O 10.O-O-O a6 11.h4 Nxd4 12.Bxd4 b5 13.Rh3 b4 14.Na4 Bxd4 15.Qxd4 a5
16.Bb5 Rb8 17.Bd3 Qc7 18.Re1 Qc6 19.b3 Ba6 20.Bxa6 Qxa6 21.f5 Qc6 22.Rg3 Kh8
23.Qg4 Rg8 24.Qh5 Rbc8 25.c3 Nc5 26.Qxf7 Rc7 27.Qh5 Nxa4 28.bxa4 Qxa4 29.Re2 bxc3
30.Rg5  0-1

[Event "ch-AUT"]
[Site "Oberpullendorf AUT"]
[Date "2002.08.10"]
[Round "1"]
[White "Sommerbauer,N"]
[Black "Genser,H"]
[Result "1-0"]
[WhiteElo "2407"]
[BlackElo "2248"]

1.e4 e6 2.d4 d5 3.Nc3 Nf6 4.e5 Nfd7 5.f4 c5 6.Nf3 Nc6 7.Be3 a6 8.Qd2 b5 9.Be2 Bb7
10.O-O Be7 11.a3 O-O 12.dxc5 Nxc5 13.b4 Ne4 14.Nxe4 dxe4 15.Nd4 Nxd4 16.Bxd4 Bd5
17.Qe3 Qd7 18.c3 f5 19.exf6 Bxf6 20.a4 Bxd4 21.Qxd4 Qc6 22.Qe3 Bb3 23.axb5 axb5
24.Rxa8 Rxa8 25.f5 exf5 26.Rxf5 Ra1+ 27.Rf1 Rxf1+ 28.Bxf1 Bc4 29.Qd4 Bxf1
30.Kxf1 h6 31.Kf2 Kh8 32.Ke3 Kg8 33.Qc5 Qf6 34.Kxe4 Qh4+ 35.Kf3 Qe1 36.Qd5+ Kh8
37.Qa8+  1-0

[Event "11th Open"]
[Site "Kavala GRE"]
[Date "2002.08.11"]
[Round "3"]
[White "Khamatgaleev,A"]
[Black "Kosic,D"]
[Result "1-0"]
[WhiteElo "2416"]
[BlackElo "2542"]

1.e4 e6 2.d4 d5 3.Nc3 Nf6 4.e5 Nfd7 5.f4 c5 6.Nf3 Nc6 7.Be3 cxd4 8.Nxd4 Bc5
9.Qd2 O-O 10.O-O-O a6 11.h4 Nxd4 12.Bxd4 b5 13.Qe3 Qc7 14.Bd3 b4 15.Ne2 a5
16.Kb1 Ba6 17.Rhe1 Rfe8 18.g4 a4 19.g5 Rec8 20.f5 b3 21.g6 fxg6 22.fxe6 Bxd3
23.cxd3 Bxd4 24.Nxd4 bxa2+ 25.Ka1 a3 26.Re2 axb2+ 27.Rxb2 Nxe5 28.Nb5 Ng4
29.Nxc7 Nxe3 30.Rc1 Nf5 31.Rc5 Kf8 32.Rb7 Nd6 33.Nxa8 Rxc5 34.Rd7 Nf5 35.Nc7 Rc1+
36.Kxa2 Re1 37.Rxd5 Nxh4 38.Rd8+ Ke7 39.Rd7+ Kf6 40.Rf7+ Kg5 41.e7 Nf5 42.e8=Q Rxe8
43.Nxe8 h5 44.Nxg7  1-0

[Event "FSIMA August"]
[Site "Budapest HUN"]
[Date "2002.08.12"]
[Round "10"]
[White "Le Dinh Tuan"]
[Black "Kun,G"]
[Result "1-0"]
[WhiteElo "2361"]
[BlackElo "2342"]

1.e4 e6 2.d4 d5 3.Nc3 Nf6 4.e5 Nfd7 5.f4 c5 6.Nf3 a6 7.Be3 Qb6 8.Na4 Qa5+
9.c3 cxd4 10.b4 Qc7 11.Qxd4 a5 12.b5 b6 13.Be2 Nc5 14.O-O Be7 15.Rac1 Nbd7
16.Qd1 Bb7 17.Bd4 O-O 18.Bd3 Nxd3 19.Qxd3 Nc5 20.Qc2 Rac8 21.Nd2 f6 22.Nf3 Nxa4
23.Qxa4 Qc4 24.Qxc4 Rxc4 25.Rfe1 Kf7 26.Bxb6 Rxf4 27.Bd4 Rc8 28.Rb1 Re4 29.Kf2 Rc4
30.Rxe4 dxe4 31.Nd2 Ra4 32.Rb2 f5 33.g3 g5 34.Be3 Ke8 35.c4 Ra3 36.Nb3 Ba8
37.b6 Bb4 38.Bxg5 Bc3 39.Rc2 Bxe5 40.Bf4 Bxf4 41.gxf4 Kd7 42.Rb2 Bc6 43.Nc5+ Kc8
44.b7+ Bxb7 45.Nxb7 Rf3+ 46.Ke1 Rxf4 47.Nxa5 Rg4 48.Rb6 Rg2 49.a3 e3 50.Rxe6 f4
51.Nb3 Rg1+ 52.Ke2 Rg2+ 53.Kd3 Kd7 54.Re4 Rb2 55.Nd4 Rd2+ 56.Kc3 Rf2 57.c5 h5
58.c6+ Kd6 59.Re6+ Kc7 60.Nb5+ Kb6  1-0

[Event "Open"]
[Site "Birstonas LIT"]
[Date "2002.08.20"]
[Round "4"]
[White "Zaksaite,S"]
[Black "Shatilov,A"]
[Result "1-0"]
[WhiteElo "2164"]
[BlackElo "2301"]

1.e4 e6 2.d4 d5 3.Nc3 Nf6 4.e5 Nfd7 5.f4 c5 6.Nf3 Nc6 7.Be3 cxd4 8.Nxd4 Qb6
9.Qd2 Qxb2 10.Rb1 Qa3 11.Bb5 Nxd4 12.Bxd4 a6 13.Bxd7+ Bxd7 14.Rb3 Qe7 15.Rxb7 Qd8
16.O-O Be7 17.f5 Qc8 18.Rfb1 Bc6 19.Rxe7+ Kxe7 20.Qg5+ Kd7 21.fxe6+ Kxe6
22.Qg4+ Ke7 23.Bc5+ Kd8 24.Qg5+ f6 25.Qxg7  1-0

[Event "ADCF Masters"]
[Site "Abu Dhabi UAE"]
[Date "2002.08.21"]
[Round "9"]
[White "Salem,Gh"]
[Black "Bagirov,R"]
[Result "0-1"]
[WhiteElo "2317"]
[BlackElo "2516"]

1.e4 e6 2.d4 d5 3.Nc3 Nf6 4.e5 Nfd7 5.f4 c5 6.Nf3 a6 7.Be3 Qb6 8.Na4 Qa5+
9.c3 cxd4 10.b4 Qc7 11.Qxd4 a5 12.a3 axb4 13.axb4 f6 14.exf6 Nxf6 15.Bb5+ Bd7
16.Bxd7+ Nbxd7 17.O-O Bd6 18.Ng5 Ke7 19.Qd3 Qc4 20.Nb2 Qxd3 21.Nxd3 Rhc8
22.Bd4 h6 23.Nf3 g6 24.Nh4 Rxa1 25.Rxa1 g5 26.Ng6+ Kd8 27.Nge5 gxf4 28.Ra7 Kc7
29.Nf7 Ne4 30.Nxf4 Bxf4  0-1

[Event "13th Summer Open"]
[Site "Recklinghausen GER"]
[Date "2002.08.22"]
[Round "6"]
[White "Schaffarczyk,A"]
[Black "Braslavskij,A"]
[Result "0-1"]
[WhiteElo "2105"]
[BlackElo "2217"]

1.e4 e6 2.d4 d5 3.Nc3 Nf6 4.e5 Nfd7 5.f4 c5 6.Nf3 Nc6 7.Be3 cxd4 8.Nxd4 Bc5
9.Qd2 Nxd4 10.Bxd4 Bxd4 11.Qxd4 Qb6 12.Qxb6 Nxb6 13.O-O-O Bd7 14.Bd3 Ke7
15.Ne2 Na4 16.Nd4 Nc5 17.Rhf1 g6 18.Rde1 Rab8 19.Rf2 h5 20.g3 b5 21.h3 b4
22.Rg1 a5 23.g4 hxg4 24.hxg4 Rh4 25.Nf3 Rh3 26.Bf1 Ne4 27.Bxh3 Nxf2 28.Bf1 a4
29.Nd4 Rh8 30.Be2 a3 31.Bf3 Rh2 32.bxa3 bxa3 33.Rf1 Nh3 34.Be2 g5 35.f5 Nf4
36.f6+ Kd8 37.Bf3 Kc7 38.Re1 Kb6 39.Re3 Kc5 40.Nb3+ Kb4 41.c3+ Kc4 42.Nd2+ Kc5
43.Nb3+ Kb6 44.Nd2 Bb5 45.Kc2 Bc4 46.Re1 Ka5 47.Rh1 Rxh1 48.Bxh1 Bxa2 49.Nf3 Bc4
50.Nxg5 a2 51.Kb2 Nd3+ 52.Ka1 Ne1  0-1

[Event "Open"]
[Site "Birstonas LIT"]
[Date "2002.08.25"]
[Round "9"]
[White "Piesina,G"]
[Black "Shatilov,A"]
[Result "0-1"]
[WhiteElo "2411"]
[BlackElo "2301"]

1.e4 e6 2.d4 d5 3.Nc3 Nf6 4.e5 Nfd7 5.f4 c5 6.Nf3 Nc6 7.Be3 a6 8.a3 c4 9.f5 Be7
10.Qd2 Nb6 11.fxe6 Bxe6 12.Ne2 Bf5 13.c3 h6 14.Ng3 Bg6 15.Be2 Na5 16.Ra2 Bb1
17.Ra1 Nb3 18.Qd1 Bg6 19.Ra2 a5 20.O-O a4 21.e6 Bf6 22.Ne5 O-O 23.Nh5 Bxe5
24.exf7+ Rxf7 25.dxe5 Rxf1+ 26.Bxf1 Ra6 27.Nf4 Be4 28.e6 Qf6 29.g3 g5 30.Qg4 Bf5
31.Nh5 Qxe6 32.Qf3 Nd7 33.Qf2 Ne5 34.Be2 Ng4 35.Bxg4 Bxg4  0-1

[Event "VI BCX"]
[Site "Brasilia BRA"]
[Date "2002.08.30"]
[Round "8"]
[White "Matsuura,E"]
[Black "Kubrusly,J"]
[Result "1-0"]
[WhiteElo "2450"]
[BlackElo "2255"]

1.e4 e6 2.d4 d5 3.Nc3 Nf6 4.e5 Nfd7 5.Nce2 c5 6.c3 Nc6 7.f4 Qb6 8.Nf3 cxd4
9.cxd4 Bb4+ 10.Nc3 f6 11.a3 Be7 12.b4 O-O 13.Na4 Qd8 14.Be3 Nb6 15.Nb2 Bd7
16.Bd3 a6 17.exf6 Bxf6 18.O-O Ne7 19.Re1 Rc8 20.Qe2 Nf5 21.Bf2 Nd6 22.Ne5 Bxe5
23.Qxe5 Nbc4 24.Nxc4 Nxc4 25.Qh5 g6 26.Bxg6 hxg6 27.Qxg6+ Kh8 28.Qh6+ Kg8
29.Qg6+ Kh8 30.Qh6+ Kg8 31.Bh4 Qe8 32.Rad1 Rf7 33.Bf6 Rxf6 34.Qxf6 Qf7 35.Qh4 Qh7
36.Qg3+ Kh8 37.Rd3 Rg8 38.Qf3 Qf5 39.Qe2 Rg4 40.Rh3+ Kg8 41.Rf1 Nd6 42.Qe5 Qxe5
43.dxe5 Nf5 44.Rc3 d4 45.Rc7 Bc6 46.g3 Ne3 47.Re1 Ng2 48.Rxc6 Nxe1 49.Rxe6 Rg7
50.Re8+ Kf7 51.Rd8 Ke6 52.Kf2 Nc2 53.Rd6+ Kf5 54.Kf3 Ne1+ 55.Ke2 Ke4 56.Kxe1 Ke3
57.e6 Rh7 58.Rd5  1-0

[Event "GP"]
[Site "Izmir TUR"]
[Date "2002.08.30"]
[Round "3"]
[White "Duman,A"]
[Black "Gaprindashvili,V"]
[Result "1-0"]
[WhiteElo "2155"]
[BlackElo "2471"]

1.e4 e6 2.d4 d5 3.Nc3 Nf6 4.e5 Nfd7 5.f4 c5 6.Nf3 Nc6 7.Be3 a6 8.Qd2 b5 9.Bd3 Bb7
10.O-O Qb6 11.Qf2 Nb4 12.a3 Nxd3 13.cxd3 c4 14.f5 h6 15.dxc4 bxc4 16.fxe6 Qxe6
17.Ne2 g5 18.Ng3 Be7 19.Qc2 Qg6 20.Nf5 Kf8 21.Rae1 g4 22.Nd2 Bc8 23.b3 Nb6
24.bxc4 dxc4 25.Qe4 Be6 26.d5 Nxd5 27.Nxc4 Rd8 28.Bd4 h5 29.Ncd6 Bg5 30.Qe2 Nf4
31.Qc2 Nd5 32.Qc6 Kg8 33.Qxa6 Kh7 34.Ng3 Ra8 35.Qe2 Nf4 36.Qe4 h4 37.Rxf4 hxg3
38.Rxf7+ Bxf7 39.Nxf7 Qxe4 40.Nxg5+ Kg6 41.Nxe4 Ra4 42.Bb2 gxh2+ 43.Kh1 Rb8
44.Bc3 Rxa3 45.Kxh2 Kf5 46.Ng3+ Ke6 47.Re3 Rc8 48.Ne2 Ra2 49.Nf4+ Kf5 50.Kg3 Rc2
51.Nd5 Rc5 52.e6 Rc8 53.e7 Re8 54.Re5+ Kg6 55.Re4 Kf5 56.Re3 Kg5 57.Bf6+ Kg6
58.Bh4 Kf7 59.Re4 Rc6 60.Rxg4 Ke6 61.Ne3 Rc3 62.Kf3 Rh8 63.Re4+ Kf7 64.Rf4+ Ke8
65.Bf6  1-0

[Event "VI BCX"]
[Site "Brasilia BRA"]
[Date "2002.08.31"]
[Round "9"]
[White "Caldeira,A"]
[Black "Kubrusly,J"]
[Result "1-0"]
[WhiteElo "2334"]
[BlackElo "2255"]

1.e4 e6 2.d4 d5 3.Nc3 Nf6 4.e5 Ne4 5.Nxe4 dxe4 6.Be3 c5 7.dxc5 Nd7 8.Qg4 Nxc5
9.Ne2 Qa5+ 10.Bd2 Qb6 11.b4 Nd7 12.Qxe4 Qc7 13.f4 a5 14.c3 Be7 15.Nd4 axb4
16.cxb4 O-O 17.Bd3 g6 18.O-O Nb6 19.a3 Qd8 20.Rfd1 Kh8 21.Be1 Nd5 22.Nb5 Bd7
23.Nc3 Bc6 24.Nxd5 Bxd5 25.Qe2 Qb8 26.Be4 Bxe4 27.Qxe4 Rd8 28.h3 Kg7 29.Bf2 Qc7
30.Qf3 b5 31.Kh2 Rxd1 32.Rxd1 Rc8 33.Rd3 h5 34.Qd1 Qc4 35.Rd7 Qa2 36.Qf3 Bd8
37.Bc5 Qc4 38.Rd4 Qc1 39.Qb7 Rc7 40.Qxb5 Bh4 41.Qd3 Bf2 42.Qd1 Rxc5 43.bxc5 Qxc5
44.Rd3 h4 45.Kh1 Bg3 46.Rf3 Qc4 47.Qd3 Qc1+ 48.Rf1 Qb2 49.Qd8  1-0

[Event "GM"]
[Site "Rostock GER"]
[Date "2002.08.31"]
[Round "8"]
[White "Lanka,Z"]
[Black "Hoi,C"]
[Result "1/2-1/2"]
[WhiteElo "2504"]
[BlackElo "2419"]

1.e4 e6 2.d4 d5 3.Nc3 Nf6 4.e5 Nfd7 5.Nce2 c5 6.f4 Nc6 7.c3 f5 8.Nf3 Be7
9.g3 a6 10.Bg2 b5 11.O-O c4 12.h3 Nb6 13.g4 g6 14.Be3 Kd7 15.gxf5 gxf5 16.Kh2 Kc7
17.b3 Bd7 18.Nd2 Rg8 19.Bf3 Bh4 20.bxc4 bxc4 21.Bf2 Bxf2 22.Rxf2 Qh4 23.Qf1 Ne7
24.Bh1 Ng6 25.Nf3 Qe7 26.Qc1 Nh4 27.Ng3 Be8 28.Nxh4 Qxh4 29.Rg2 Qe7 30.Rb1 Na4
31.Qc2 Rb8 32.Rxb8 Kxb8 33.Qc1  1/2-1/2

[Event "GER-GRE Match"]
[Site "Fuerth GER"]
[Date "2002.09.04"]
[Round "5"]
[White "Banikas,H"]
[Black "Buhmann,R"]
[Result "1/2-1/2"]
[WhiteElo "2521"]
[BlackElo "2527"]

1.e4 e6 2.d4 d5 3.Nc3 Nf6 4.e5 Nfd7 5.f4 c5 6.Nf3 Nc6 7.Be3 cxd4 8.Nxd4 Bc5
9.Qd2 O-O 10.g3 a6 11.Bg2 Nxd4 12.Bxd4 Bxd4 13.Qxd4 Qb6 14.O-O-O Qxd4 15.Rxd4 Nb8
16.Na4 b5 17.Nc5 Ra7 18.Re1 Rc7 19.Nb3 Nc6 20.Rd2 Bb7 21.Re3 Rfc8 22.Rc3 Kf8
23.Nd4 Nxd4 24.Rxc7 Ne2+ 25.Kd1 Rxc7 26.Kxe2 Ke7 27.Kd3 b4 28.Bf1 Bc6 29.Ke3 f6
30.Bxa6 Ra7 31.Bd3 Rxa2 32.b3 Be8 33.Kd4 Ra5 34.Bxh7 g6 35.g4 Kf7 36.f5 fxe5+
37.Kxe5 exf5 38.gxf5 d4+ 39.Kxd4 Rxf5 40.Re2 Rf4+ 41.Ke5 Rh4 42.Kd6 Kf8 43.Rxe8+ Kxe8
44.Bxg6+ Kd8 45.Kc5 Ke7 46.Bd3 Kf6 47.h3 Rf4 48.Bc4 Rf2 49.Bd3 Rf4 50.Kb5 Ke5
51.Kc5 Kf6 52.Bc4  1/2-1/2

[Event "Poyntner Mem IM"]
[Site "St Poelten AUT"]
[Date "2002.09.10"]
[Round "4"]
[White "Neumeier,K"]
[Black "Visser,Y"]
[Result "0-1"]
[WhiteElo "2332"]
[BlackElo "2441"]

1.e4 e6 2.d4 d5 3.Nc3 Nf6 4.e5 Nfd7 5.f4 c5 6.Nf3 Nc6 7.Be3 a6 8.Qd2 b5 9.dxc5 Bb7
10.Bd3 Nxc5 11.Qf2 Nxd3+ 12.cxd3 b4 13.Ne2 d4 14.Nexd4 Nxd4 15.Nxd4 Qd5 16.O-O Bc5
17.Nf5 exf5 18.Bxc5 h5 19.h3 Rh6 20.Kh2 Rg6 21.Rg1 h4 22.Rac1 Rc8 23.Rc2 Qxd3
24.Qxh4 Rxc5 25.Qh8+ Kd7 26.e6+ fxe6 27.Rxc5 Qg3+  0-1

[Event "TCh-CRO"]
[Site "Medulin CRO"]
[Date "2002.09.13"]
[Round "5"]
[White "Zelic,Ml"]
[Black "Dizdar,G"]
[Result "0-1"]
[WhiteElo "2272"]
[BlackElo "2525"]

1.e4 e6 2.d4 d5 3.Nc3 Nf6 4.e5 Nfd7 5.f4 c5 6.Nf3 cxd4 7.Nxd4 Nc6 8.Be3 Bc5
9.Qd2 O-O 10.O-O-O a6 11.Qf2 Bxd4 12.Bxd4 b5 13.Bd3 b4 14.Ne2 a5 15.g4 Ba6
16.g5 Qc7 17.Rhg1 Rfc8 18.Bxh7+ Kxh7 19.f5 Ncxe5 20.Nf4 exf5 21.Nxd5 Nd3+
22.Rxd3 Qxc2+ 23.Qxc2 Bxd3 24.Qxc8 Rxc8+ 25.Kd2 Be4 26.Nf4 Rc2+ 27.Ke3 Rxh2
28.Rd1 Nf8 29.a3 bxa3 30.bxa3 Ng6 31.Bc3 Nxf4 32.Kxf4 Rf2+ 33.Ke5 Kg6 34.Rg1 Bg2
35.Be1 Re2+ 36.Kf4 Bc6 37.Bxa5 Re4+ 38.Kg3 Rg4+ 39.Kf2 Rxg1 40.Kxg1 Kxg5
41.Kf2 f4 42.Bc3 f6  0-1

[Event "FSGM Sept"]
[Site "Budapest HUN"]
[Date "2002.09.14"]
[Round "8"]
[White "Rajlich,V"]
[Black "Marzolo,C"]
[Result "0-1"]
[WhiteElo "2338"]
[BlackElo "2415"]

1.e4 e6 2.d4 d5 3.Nc3 Nf6 4.e5 Nfd7 5.f4 c5 6.Nf3 a6 7.Be3 Qb6 8.Na4 Qa5+
9.c3 cxd4 10.b4 Qc7 11.Bxd4 Nc6 12.Qd2 a5 13.a3 axb4 14.axb4 Be7 15.Bd3 Nxd4
16.Nxd4 O-O 17.O-O Nb6 18.Nb5 Qc6 19.Nd4 Qc7 20.Nb5 Qd8 21.Nxb6 Rxa1 22.Rxa1 Qxb6+
23.Qf2 Qc6 24.Qe3 g6 25.Ra3 Bd7 26.Nd4 Qb6 27.g3 Rc8 28.h4 Qd8 29.h5 Ra8
30.Rxa8 Qxa8 31.Bb1 Qa3 32.Qd2 Qa1 33.Qd3 Bd8 34.hxg6 hxg6 35.Kg2 Bb6 36.Nf3 Qb2+
37.Kh3 Ba4 38.g4 Qf2 39.f5 Be3 40.Nh4 Bf4 41.Ng2 Bb5 42.c4 Bxc4 43.Qa3 Bf1
44.Qa8+ Kh7 45.fxg6+ Kg7  0-1

[Event "ch-ESP Open"]
[Site "Ayamonte ESP"]
[Date "2002.10.06"]
[Round "3"]
[White "Rodriguez Guerrero,E"]
[Black "Moreno Ruiz,J"]
[Result "1-0"]
[WhiteElo "2319"]
[BlackElo "2409"]

1.e4 e6 2.d4 d5 3.Nc3 Nf6 4.e5 Nfd7 5.Nf3 c5 6.dxc5 Nc6 7.Bf4 Bxc5 8.Bd3 f6
9.exf6 Nxf6 10.Qe2 O-O 11.O-O-O a6 12.Ne5 Qa5 13.Kb1 Bd4 14.Nxc6 bxc6 15.Bxh7+ Nxh7
16.Rxd4 c5 17.Ra4 Qb6 18.Be5 d4 19.Ne4 Bb7 20.Qg4 Rf7 21.Nd6 Nf6 22.Qg6 Rd7
23.Ra3 Rf8 24.Rb3 Qc6 25.Rg3 Kh8 26.Bxf6 Rxf6 27.Rh3+ Kg8 28.Qe8+ Rf8 29.Qxe6+ Rdf7
30.Qg6  1-0

[Event "EuYCh B18"]
[Site "Peniscola ESP"]
[Date "2002.10.06"]
[Round "7"]
[White "L'Ami,E"]
[Black "Zaragatski,I"]
[Result "1-0"]
[WhiteElo "2438"]
[BlackElo "2319"]

1.e4 e6 2.d4 d5 3.Nc3 Nf6 4.e5 Nfd7 5.f4 c5 6.Nf3 Nc6 7.Be3 a6 8.Qd2 b5 9.dxc5 Bxc5
10.Bxc5 Nxc5 11.Qf2 Qb6 12.Bd3 b4 13.Ne2 a5 14.O-O Ba6 15.Rfd1 h6 16.Kh1 Ne7
17.Ng3 g6 18.Ne2 Na4 19.Qxb6 Nxb6 20.Bxa6 Rxa6 21.b3 Nf5 22.Ned4 Nxd4 23.Nxd4 Ke7
24.a3 bxa3 25.Rxa3 Kd7 26.Rda1 Rha8 27.g3 Nc8 28.Ra4 Nb6 29.R4a2 Nc8 30.Kg2 Kc7
31.Kf3 Kb6 32.Ra4 Ne7 33.c4 dxc4 34.bxc4 Nf5 35.Nb3 h5 36.Ke4 R6a7 37.R1a2 Ra6
38.Kd3 R6a7 39.Kc3 Ra6 40.Nd2 Rd8 41.Rb2+ Kc6 42.Rb5 Ne3 43.Nb3 Nd1+ 44.Kc2 Ne3+
45.Kb1 Rd1+ 46.Ka2 Rh1 47.Nxa5+ Kc7 48.Rb7+ Kc8 49.Rb2 Nf1 50.Ka3 Rxh2 51.Rxh2 Nxh2
52.Kb4 Nf1 53.Ra3 Nd2 54.Rd3 Ne4 55.c5 Kc7 56.Kb5 Ra8 57.c6 Nc5 58.Rd6 Ne4
59.Rd7+ Kc8 60.Kb6 Nc3 61.Nc4 Na4+ 62.Kb5 Nc3+ 63.Kb4 Nd5+ 64.Kc5 Ra1 65.Rxf7 Rc1
66.Kd6 Kb8 67.Kxe6 Nc7+ 68.Kd7 Nd5 69.Kd6 Rd1 70.Ke6  1-0

[Event "FSIMB Oct"]
[Site "Budapest HUN"]
[Date "2002.10.08"]
[Round "4"]
[White "Farago,S"]
[Black "Abella Vazquez,Ce"]
[Result "1-0"]
[WhiteElo "2299"]
[BlackElo "2117"]

1.e4 e6 2.d4 d5 3.Nc3 Nf6 4.e5 Nfd7 5.f4 c5 6.Nf3 Nc6 7.Ne2 a6 8.c3 cxd4
9.cxd4 f5 10.exf6 Nxf6 11.Nc3 Qb6 12.Bd3 Bd7 13.a3 Bd6 14.Na4 Qc7 15.g3 O-O
16.O-O b5 17.Nc3 Qb6 18.Kg2 Be8 19.Qe2 Bf7 20.Be3 Bh5 21.Rad1 Rae8 22.h3 h6
23.g4 Nxg4 24.hxg4 Bxg4 25.Bg6 Re7 26.Qd3 Bxf4 27.Bh7+ Kh8 28.Nh4 g5 29.Ng6+ Kg7
30.Nxf8 Bf5 31.Bxf5 exf5  1-0

[Event "FSIMA Oct"]
[Site "Budapest HUN"]
[Date "2002.10.12"]
[Round "8"]
[White "Resika,N"]
[Black "Werner,Di"]
[Result "0-1"]
[WhiteElo "2228"]
[BlackElo "2384"]

1.e4 e6 2.d4 d5 3.Nc3 Nf6 4.e5 Nfd7 5.f4 c5 6.Nf3 Nc6 7.Be3 a6 8.Qd2 b5 9.dxc5 Bxc5
10.Bxc5 Nxc5 11.Qf2 Qb6 12.Bd3 Bb7 13.O-O Nd7 14.Rae1 Qxf2+ 15.Rxf2 h6 16.Ne2 g5
17.g3 gxf4 18.gxf4 Rg8+ 19.Rg2 Rxg2+ 20.Kxg2 Ke7 21.Kf2 Rg8 22.Ned4 Nxd4
23.Nxd4 Nc5 24.Rg1 Rxg1 25.Kxg1 f6 26.exf6+ Kxf6 27.Kf2 b4 28.Ke3 e5 29.fxe5+ Kxe5
30.Bh7 a5 31.b3 Ne4 32.Nf3+ Kf6 33.Bxe4 dxe4 34.Nd2 Kf5 35.Nc4 Kg4 36.Nxa5 Ba8
37.Nc4 Kh3 38.a3 bxa3 39.Nxa3 Kxh2 40.Nc4 Kg3 41.Ne5 h5 42.Ng6 h4 43.Nxh4 Kxh4
44.Kf4 Kh5 45.c4 Kg6 46.b4 Kf6 47.b5 Ke6 48.Ke3 Ke5 49.c5 Bd5 50.c6 Ke6 51.Kd4 Kd6
52.Ke3 Ke5 53.c7 Bb7 54.b6 Ba6 55.Kd2 Kd4 56.Kd1 Kd3  0-1

[Event "TCh-SWE"]
[Site "Helsingborg SWE"]
[Date "2002.10.12"]
[Round "2"]
[White "Winge,S"]
[Black "Jepson,C"]
[Result "0-1"]
[WhiteElo "2262"]
[BlackElo "2412"]

1.e4 e6 2.d4 d5 3.Nc3 Nf6 4.e5 Nfd7 5.Nce2 c5 6.c3 cxd4 7.cxd4 f6 8.exf6 Nxf6
9.f4 Nc6 10.a3 Bd6 11.Nh3 O-O 12.Nf2 Qb6 13.g3 Ne4 14.Nxe4 dxe4 15.Be3 e5
16.dxe5 Qxe3 17.exd6 Bg4 18.Rc1 Bf3 19.Rc3 Qb6 20.Qd5+ Kh8 21.Rb3 Rf5 22.Qxf5 Qxb3
23.Rg1 Qe3 24.Rg2 Bxg2 25.Bxg2 Qxe2+  0-1

[Event "FSGM Oct"]
[Site "Budapest HUN"]
[Date "2002.10.13"]
[Round "9"]
[White "Fogarasi,T"]
[Black "Erdos,V"]
[Result "1/2-1/2"]
[WhiteElo "2466"]
[BlackElo "2416"]

1.e4 e6 2.d4 d5 3.Nc3 Nf6 4.e5 Nfd7 5.f4 c5 6.Nf3 Nc6 7.Be3 a6 8.Qd2 b5 9.dxc5 Bxc5
10.Bxc5 Nxc5 11.Qf2 Qb6 12.Bd3 b4 13.Ne2 a5 14.O-O Ba6 15.Kh1 Ne7 16.Rad1 Na4
17.Qxb6 Nxb6 18.b3 g6 19.Nfd4  1/2-1/2

[Event "FSGM Oct"]
[Site "Budapest HUN"]
[Date "2002.10.13"]
[Round "9"]
[White "Antal,Ge"]
[Black "Horvath,Cs"]
[Result "1/2-1/2"]
[WhiteElo "2465"]
[BlackElo "2506"]

1.e4 e6 2.d4 d5 3.Nc3 Nf6 4.e5 Nfd7 5.f4 c5 6.Nf3 Qb6 7.Be3 a6 8.Na4 Qa5+
9.c3 cxd4 10.b4 Qc7 11.Qxd4 a5 12.a3 axb4 13.axb4 Nc6 14.Qd2 f6 15.Bb5 fxe5
16.Nxe5 Bd6  1/2-1/2

[Event "TCh-BEL 2001-2"]
[Site "Belgium BEL"]
[Date "2002.10.14"]
[Round "9"]
[White "Van Leeuwen,E"]
[Black "Kern,G"]
[Result "1/2-1/2"]
[WhiteElo "2154"]
[BlackElo "2333"]

1.e4 e6 2.d4 d5 3.Nc3 Nf6 4.e5 Nfd7 5.Nce2 c5 6.c3 cxd4 7.cxd4 f6 8.Nf4 Bb4+
9.Bd2 Qb6 10.Bxb4 Qxb4+ 11.Qd2 Qxd2+ 12.Kxd2 Ke7 13.Nf3 fxe5 14.Nxe5 Nxe5
15.dxe5 Nc6 16.Nd3 b6 17.Rc1 Bb7 18.Be2 Rac8 19.f4 a5 20.b3 Ba6 21.Rc3 Nd4
22.Rhc1 Rxc3 23.Rxc3 Kd7 24.Nc1 Bxe2 25.Nxe2 Nc6 26.a3 Rg8 27.h4 h5  1/2-1/2

[Event "10th Chigorin Mem"]
[Site "St Petersburg RUS"]
[Date "2002.10.29"]
[Round "5"]
[White "Klimov,S"]
[Black "Pliasunov,A"]
[Result "1/2-1/2"]
[WhiteElo "2458"]
[BlackElo "2354"]

1.e4 e6 2.d4 d5 3.Nc3 Nf6 4.e5 Nfd7 5.f4 c5 6.Nf3 a6 7.Ne2 Qb6 8.c3 Nc6 9.a3 c4
10.g4 h5 11.gxh5 Rxh5 12.f5 Rxf5 13.Ng3 Rxf3 14.Qxf3 Nxd4 15.cxd4 Qxd4 16.Ne2 Qxe5
17.Bg2 Bc5 18.Rf1 f6 19.Qg4 Kf7 20.Rf3 d4 21.Bf4 Qf5 22.Qxf5 exf5 23.Rh3 Ne5
24.Rh8 d3 25.Bxe5 fxe5 26.Ng3 e4 27.Nxf5 Bxf5 28.Rxa8 Bd4 29.O-O-O e3 30.Rf1 e2
31.Rxf5+ Kg6 32.Re8 Kxf5 33.Bxb7 Bxb2+ 34.Kd2 Bxa3 35.Be4+ Kf4 36.Bxd3 e1=Q+
37.Kxe1 cxd3 38.Kd2 Kg4 39.Re3 Bd6 40.h3+ Kh4 41.Kxd3 Bf4 42.Re6 Kxh3  1/2-1/2